000
00318 a2200157 4500
001
169695
020
_a
040
_c
Magnum
100
_a
Koury, Jussara Rocha
240
1
0
_a
Desafio no asfalto
_l
por
245
1
0
_a
Desafio no asfalto
362
0
_a
1899
440
1
_a
Bagaço
697
_a
IJ/GERAL
942
_c
BK
999
_c
169695
_d
169695